Finančný trh : Nástroje, transakcie, inštitúcie

Uložené v:
Podrobná bibliografia
Hlavný autor: Chovancová, Božena (Autor)
Médium: Kniha
Jazyk:Slovak
Vydavateľské údaje: Bratislava : Eurounion, 1999
Predmet:
Tagy: Pridať tag
Žiadne tagy, Buďte prvý, kto otaguje tento záznam!

MARC

LEADER 00000nam a22000003a 4500
001 stu51828
005 20150617225707.5
008 000128s1999----xo------------------slo-d
020 |a 80-88984-03-3 
040 |a STU  |b slo 
041 0 |a slo 
044 |a xo 
080 |a 658.14.011.1(075.8) 
100 1 |a Chovancová, Božena  |4 aut 
245 1 |a Finančný trh :  |b Nástroje, transakcie, inštitúcie 
260 |a Bratislava :  |b Eurounion,  |c 1999 
300 |a 538 s 
650 7 |a trhy finančné  |2 stusub 
996 |b 284M000166  |c M*10391-1  |l MMKN  |s A  |a 24  |w stu51828_0001